000 00673nam a2200217Ia 4500
003 IN-BaIIA
008 211028s9999 xx 000 0 eng d
020 _a0-08-016986-4
040 _cIIA Library
080 _a524.38
_bBAT
100 _aBatten, Allen H
_99009
245 0 _aBinary and multiple systems of stars
_cAllen H. Batten
260 _aOxford
_bPergamon Press
_c1973
300 _axii, 278p.
490 _aInternational series of monographs in natural philosophy; v. 51
650 _a Binary stars 
_99010
650 _a Binary systems 
_99011
650 _a Double galaxies
_99012
650 _aAstronomy and astrophysics thesaurus 
_91143
942 _cBK
999 _c5064
_d5064